00454nam a22001457a 4500008004100000020001500041050002400056100002400080245008800104250001100192260003800203300002800241650001600269650002300285220221b |||||||| |||| 00| 0 eng d a1305502272 aHD70b.H55 2017 c.1 aHill, Charles W. L. aStrategic Management bAn Integrated Approach, Theory and CasescCharles W. L. Hill a12 ed. aAustraliabCengage Learningc2017 a1 Vol. (Various paging) aManagement  aStrategic planning